বাংলা সাহিত্যের ইতিহাস : (Record no. 2736)
[ view plain ]
| 000 -LEADER | |
|---|---|
| fixed length control field | 01150nam a22002297a 4500 |
| 003 - CONTROL NUMBER IDENTIFIER | |
| control field | BD-DhJNU |
| 005 - DATE AND TIME OF LATEST TRANSACTION | |
| control field | 20260427033602.0 |
| 008 - FIXED-LENGTH DATA ELEMENTS--GENERAL INFORMATION | |
| fixed length control field | 260427b |||||||| |||| 00| 0 eng d |
| 020 ## - INTERNATIONAL STANDARD BOOK NUMBER | |
| International Standard Book Number | 9844080509 |
| 040 ## - CATALOGING SOURCE | |
| Original cataloging agency | BD-DhJNU |
| Language of cataloging | ENG |
| Transcribing agency | BD-DhJNU |
| Modifying agency | BD-DhJNU |
| 082 ## - DEWEY DECIMAL CLASSIFICATION NUMBER | |
| Edition number | 23 |
| Classification number | 891.4409 ALH |
| 100 ## - MAIN ENTRY--PERSONAL NAME | |
| Personal name | আলম, মাহবুবুল |
| 242 ## - TRANSLATION OF TITLE BY CATALOGING AGENCY | |
| Title | History of bengali literature : |
| Remainder of title | ancient, medieval and modern eras / |
| Statement of responsibility, etc. | Professor Mahbubul Alam |
| 245 ## - TITLE STATEMENT | |
| Title | বাংলা সাহিত্যের ইতিহাস : |
| Remainder of title | প্রাচীন, মধ্য ও আধুনিক যুগ / |
| Statement of responsibility, etc. | অধ্যাপক মাহবুবুল আলম |
| 246 ## - VARYING FORM OF TITLE | |
| Title proper/short title | Bangla sahityer itihas : |
| Remainder of title | prachin jug, maddho jug o adhunik jug / |
| 250 ## - EDITION STATEMENT | |
| Edition statement | 5th ed. |
| 260 ## - PUBLICATION, DISTRIBUTION, ETC. | |
| Place of publication, distribution, etc. | কলিকাতা : |
| Name of publisher, distributor, etc. | খান ব্রাদার্স অ্যান্ড কোম্পানি, |
| Date of publication, distribution, etc. | 2024. |
| 300 ## - PHYSICAL DESCRIPTION | |
| Extent | ৮৭১ পৃ. : |
| Other physical details | চিত্র ; |
| Dimensions | ২২ সেমি. |
| 650 ## - SUBJECT ADDED ENTRY--TOPICAL TERM | |
| Topical term or geographic name entry element | বাংলা সাহিত্য |
| Form subdivision | ইতিহাস ও সমালোচনা |
| 650 ## - SUBJECT ADDED ENTRY--TOPICAL TERM | |
| Topical term or geographic name entry element | Bengali literature |
| Form subdivision | History and criticism |
| 942 ## - ADDED ENTRY ELEMENTS (KOHA) | |
| Source of classification or shelving scheme | Dewey Decimal Classification |
| Koha item type | Books |
| Suppress in OPAC | No |
| Withdrawn status | Lost status | Source of classification or shelving scheme | Damaged status | Not for loan | Collection | Home library | Current library | Shelving location | Date acquired | Source of acquisition | Total checkouts | Full call number | Barcode | Date last seen | Copy number | Price effective from | Koha item type |
|---|---|---|---|---|---|---|---|---|---|---|---|---|---|---|---|---|---|
| Dewey Decimal Classification | Non-fiction | Jagannath University Central Library | Jagannath University Central Library | General stacks | 04/27/2026 | Purchased | 891.4409 ALH | JNUCL35569 | 04/27/2026 | 1 | 04/27/2026 | Books |